रचना के विविध रंगः (Record no. 48525)
[ view plain ]
| 000 -LEADER | |
|---|---|
| fixed length control field | 01112nam a22002657a 4500 |
| 005 - DATE AND TIME OF LATEST TRANSACTION | |
| control field | 20101028111547.0 |
| 008 - FIXED-LENGTH DATA ELEMENTS--GENERAL INFORMATION | |
| fixed length control field | 101028t xxu||||| |||| 00| 0 hin d |
| 010 ## - LCCN (DPL NO) | |
| LC control number | HIN-90926 |
| 020 ## - INTERNATIONAL STANDARD BOOK NUMBER | |
| Terms of availability | 400.00 |
| International Standard Book Number | 9789380062075 |
| 035 ## - SYSTEM CONTROL NUMBER | |
| System control number | HN-63272 |
| 037 ## - SOURCE OF ACQUISITION | |
| Source of stock number/acquisition | DBAD / PUB |
| 040 ## - CATALOGING SOURCE | |
| Original cataloging agency | DPL |
| Language of cataloging | HN |
| 082 ## - DEWEY DECIMAL CLASSIFICATION NUMBER | |
| Classification number | 828 |
| 100 ## - MAIN ENTRY--PERSONAL NAME | |
| Personal name | कुमार विमल |
| 9 (RLIN) | 24013 |
| 245 ## - TITLE STATEMENT | |
| Title | रचना के विविध रंगः |
| Statement of responsibility, etc | कुमार विमल |
| Remainder of title | प्रतिनिधि रचनाएं / |
| 246 ## - VARYING FORM OF TITLE | |
| Title proper/short title | Rachana ke Vividh rang comp |
| Remainder of title | by Kumar Bimal |
| 260 ## - PUBLICATION, DISTRIBUTION, ETC. (IMPRINT) | |
| Place of publication, distribution, etc | पटना |
| Name of publisher, distributor, etc | जागृति साहित्य प्रकाशन |
| Date of publication, distribution, etc | 2009 |
| 270 ## - ADDRESS | |
| Address | साइंस कॉलेज के सामने, अशोक राजपथ |
| City | पटना |
| Postal code | 800006 |
| 300 ## - PHYSICAL DESCRIPTION | |
| Extent | 252पृ |
| Dimensions | 22सेमी (सजिल्द) |
| 650 ## - SUBJECT ADDED ENTRY--TOPICAL TERM | |
| 9 (RLIN) | 1159 |
| 700 ## - ADDED ENTRY--PERSONAL NAME | |
| 9 (RLIN) | 24014 |
| 700 ## - ADDED ENTRY--PERSONAL NAME | |
| 9 (RLIN) | 24064 |
| 942 ## - ADDED ENTRY ELEMENTS (KOHA) | |
| Source of classification or shelving scheme | Dewey Decimal Classification |
| Item type | Hindi Books |
| Classification part | 828 |
| Call number suffix | कुमार |
| Withdrawn status | Lost status | Source of classification or shelving scheme | Damaged status | Not for loan | Collection code | Home library | Current library | Date acquired | Source of acquisition | Cost, normal purchase price | Total Checkouts | Full call number | Barcode | Date last seen | Copy number | Cost, replacement price | Koha item type |
|---|---|---|---|---|---|---|---|---|---|---|---|---|---|---|---|---|---|
| Dewey Decimal Classification | Not For Loan | Non-fiction | D.B.Act.Division | D.B.Act.Division | 01/11/2010 | DBAD / PUB | 400.00 | 828 कुमार | HN-63272 | 01/11/2010 | 1 | 400.00 | Hindi Books |
